000 00584nam a2200241Ia 4500
003 OSt
005 20220924144104.0
006 a|||||r|||| 00| 0
007 ta
008 220923b |||||||| |||| 00| 0 urd d
020 _c50.00
024 _a311844
037 _cTextual
040 _aARTS
_cARTS
_burd
041 _2urd
_aurd
082 _aO168,1:gx, M4
100 _aSyed Hamid
_9216992
245 0 _aNigaar khana-e-raqsan
260 _c1984
650 _aURDU POETRY
942 _hO168,1:gx, M4
_cTEXL
_2CC
999 _c456040
_d456040